00530nam a2200157Ia 4500008004100000100002200041245010600063245002200169260002500191260000900216300002500225650001600250650001500266999001900281952007200300170224s9999 xx 000 0 und d aNicholas McGuigan 4aThe Impact of Journal Rankings on Australasian Accounting Education Scholarship – A Personal View  cNicholas McGuigan bAccounting Education c2015 a24:3, Pages: 187-207 xAccountancy xAccounting c316138d316138 001040aCLbCLd2017-02-24l0r2017-02-24 00:00:00w2017-02-24ySE